00474 a2200157 4500003000400000005001700004008004100021020001800062040000900080082001800089100002000107245013300127250001200260260003000272300001400302OSt20230826111536.0230826b |||||||| |||| 00| 0 eng d a9789332587281 coclc a658.45bCHA/A aChaturvedi, P D aTHE ART AND SCIENCE OF BUSINESS COMMUNICATION bskills, concepts, cases, and applications /cP D Chaturvedi, Mukesh Chaturvedi. a4th ed. aChennai:bPearson,c2023. a431 pages